Институциональное проектирование социальной ответственности; Вестник Томского государственного педагогического университета; № 5
| Parent link: | Вестник Томского государственного педагогического университета/ Томский государственный педагогический университет (ТГПУ).— , 1997- № 5.— 2014.— [С. 158-162] |
|---|---|
| প্রধান লেখক: | |
| সংস্থা লেখক: | |
| সংক্ষিপ্ত: | Заглавие с экрана Рассматривается механизм проектирования института социальной ответственности через взаимосвязь данного института с формальными нормами, а также культурой, традициями и ценностями. Установлено, что институциональное проектирование «снизу» является более предпочтительной стратегией, так как позволяет задействовать эволюционные процессы развития человека и общества. The article considers the institutional design of social responsibility mechanism through the relationship betweenthe institution and formal rules, as well as culture, traditions and values. It is ascertained that the institutional design“with the foundation” is the preferred strategy, because it allows using the evolutionary process of human and socialdevelopment. Режим доступа: по договору с организацией-держателем ресурса |
| ভাষা: | রুশ |
| প্রকাশিত: |
2014
|
| মালা: | Экономика |
| বিষয়গুলি: | |
| অনলাইন ব্যবহার করুন: | http://vestnik.tspu.edu.ru/archive.html?year=2014&issue=5&article_id=4542 http://elibrary.ru/item.asp?id=21571002 |
| বিন্যাস: | MixedMaterials বৈদ্যুতিক গ্রন্থের অধ্যায় |
| KOHA link: | https://koha.lib.tpu.ru/cgi-bin/koha/opac-detail.pl?biblionumber=647579 |
MARC
| LEADER | 00000naa0a2200000 4500 | ||
|---|---|---|---|
| 001 | 647579 | ||
| 005 | 20250213155432.0 | ||
| 035 | |a (RuTPU)RU\TPU\network\12719 | ||
| 090 | |a 647579 | ||
| 100 | |a 20160415d2014 k||y0rusy50 ca | ||
| 101 | 0 | |a rus | |
| 102 | |a RU | ||
| 135 | |a drcn ---uucaa | ||
| 181 | 0 | |a i | |
| 182 | 0 | |a b | |
| 200 | 1 | |a Институциональное проектирование социальной ответственности |d Institutional design of social responsibility |f Е. А. Фролова | |
| 203 | |a Текст |c электронный | ||
| 225 | 1 | |a Экономика | |
| 300 | |a Заглавие с экрана | ||
| 320 | |a [Библиогр.: 8 назв.] | ||
| 330 | |a Рассматривается механизм проектирования института социальной ответственности через взаимосвязь данного института с формальными нормами, а также культурой, традициями и ценностями. Установлено, что институциональное проектирование «снизу» является более предпочтительной стратегией, так как позволяет задействовать эволюционные процессы развития человека и общества. | ||
| 330 | |a The article considers the institutional design of social responsibility mechanism through the relationship betweenthe institution and formal rules, as well as culture, traditions and values. It is ascertained that the institutional design“with the foundation” is the preferred strategy, because it allows using the evolutionary process of human and socialdevelopment. | ||
| 333 | |a Режим доступа: по договору с организацией-держателем ресурса | ||
| 461 | |t Вестник Томского государственного педагогического университета |f Томский государственный педагогический университет (ТГПУ) |d 1997- | ||
| 463 | |t № 5 |v [С. 158-162] |d 2014 | ||
| 510 | 1 | |a Institutional design of social responsibility |z eng | |
| 610 | 1 | |a электронный ресурс | |
| 610 | 1 | |a труды учёных ТПУ | |
| 610 | 1 | |a социальная ответственность | |
| 610 | 1 | |a институты | |
| 610 | 1 | |a проектирование | |
| 700 | 1 | |a Фролова |b Е. А. |c экономист |c доцент Томского политехнического университета, доктор наук |f 1978- |g Елена Александровна |3 (RuTPU)RU\TPU\pers\31075 |9 15305 | |
| 712 | 0 | 2 | |a Национальный исследовательский Томский политехнический университет |b Институт социально-гуманитарных технологий |b Кафедра экономики |3 (RuTPU)RU\TPU\col\18375 |9 27012 |
| 801 | 2 | |a RU |b 63413507 |c 20160415 |g RCR | |
| 856 | 4 | 0 | |u http://vestnik.tspu.edu.ru/archive.html?year=2014&issue=5&article_id=4542 |
| 856 | 4 | 0 | |u http://elibrary.ru/item.asp?id=21571002 |
| 942 | |c CF | ||